000
00330nam a22001457a 4500
008
210304b ||||| |||| 00| 0 eng d
020
_a
1556421796
041
_a
eng
080
_a
159.9
082
_a
159.9
100
_a
48
101
_a
PSI
245
_a
Practice Issues in Occupational Therapy
_c
Ryan, S.E
942
_2
udc
_c
BK
999
_c
55768
_d
55768